| 000 | 01003nam a2200253 i 4500 | ||
|---|---|---|---|
| 001 | bg | ||
| 100 | 1 |
_aHEJMO, Władysław _d(1929- ) |
|
| 245 | 1 | 0 |
_aSingular phenomena in a time-optimal feedback system / _cWładysław Hejmo. |
| 260 |
_aKraków : _bWydawnictwa PK, _c1997. |
||
| 300 |
_a116 s. : _bwykr. ; _c24 cm. |
||
| 490 | 1 |
_aMonografia / Politechnika Krakowska im. Tadeusza Kościuszki. Seria Inżynieria Elektryczna, _x0860-097X ; _v220 |
|
| 504 | _aBibliogr. s. 108-109. - Streszcz., summ. | ||
| 650 | 9 |
_aKinematyka _xzagadnienia |
|
| 650 | 9 |
_aOpór _xbadanie |
|
| 650 | 9 |
_aRachunek różniczkowy _xstosowanie _xmechanika |
|
| 650 | 9 |
_aTechnika _xurządzenia _xzagadnienia |
|
| 710 | 0 | _aPOLITECHNIKA KRAKOWSKA im. Tadeusza Kościuszki (Kraków) | |
| 830 | 0 |
_aMonografia (Politechnika Krakowska im. Tadeusza Kościuszki). _pSeria Inżynieria Elektryczna |
|
| 040 | _cBPK | ||
| 041 | 0 |
_aen _benpl |
|
| 080 | _a531.1:531.4.08:517.2 | ||
| 942 | _cKS | ||
| 008 | s pl f |000 0 pol | ||
| 999 |
_c32811 _d32811 |
||
| 856 |
_uhttp://koha.tu.koszalin.pl/cgi-bin/koha/opac-detail.pl?biblionumber=32811 _yKatalog online BPK |
||